Verejná budova pre mesto Hviezdoslavov
Enregistré dans:
| Auteur principal: | |
|---|---|
| Autres auteurs: | |
| Format: | Manuscrit Livre |
| Langue: | slovaque |
| Publié: |
2025
|
| Sujets: | |
| Accès en ligne: | http://is.stuba.sk/zp/portal_zp.pl?podrobnosti=185075 |
| Tags: |
Pas de tags, Soyez le premier à ajouter un tag!
|
MARC
| LEADER | 00000ntm a22000003a 4500 | ||
|---|---|---|---|
| 001 | stuzp105212 | ||
| 003 | SK-STU | ||
| 005 | 20250607211312.0 | ||
| 007 | ta | ||
| 008 | 150427s2015----xo-----f-mn---000-0-slo-d | ||
| 040 | |a STU |b slo | ||
| 041 | 0 | |a slo | |
| 100 | 1 | |a Trecáková, Veronika |u 052120 |4 aut |U FAD Fakulta architektúry a dizajnu |T FAD Ústav ekologickej a experimentálnej architektúry |X 103612 |U A2120 |Y 393 |7 103612 | |
| 242 | 0 | 1 | |a Public Building for the City of Hviezdoslavov |y eng |
| 245 | 1 | 0 | |a Verejná budova pre mesto Hviezdoslavov |
| 260 | |c 2025 | ||
| 650 | 4 | |a identity |2 eng | |
| 650 | 4 | |a suburbanization |2 eng | |
| 650 | 4 | |a cultural center |2 eng | |
| 650 | 4 | |a ZUŠ |2 eng | |
| 650 | 4 | |a library |2 eng | |
| 650 | 4 | |a multifunctional hall |2 eng | |
| 650 | 4 | |a knižnica |2 slo | |
| 650 | 4 | |a ZUŠ |2 slo | |
| 650 | 4 | |a identita |2 slo | |
| 650 | 4 | |a suburbanizacia |2 slo | |
| 650 | 4 | |a multifunkčná sála |2 slo | |
| 650 | 4 | |a kultúrne centrum |2 slo | |
| 700 | 1 | |a Uhrík, Martin |u 052120 |k Z1 |4 ths |U FAD Fakulta architektúry a dizajnu |T FAD Ústav ekologickej a experimentálnej architektúry |X 3746 |U A2120 |Y 393 |7 A000003746 | |
| 856 | 4 | |u http://is.stuba.sk/zp/portal_zp.pl?podrobnosti=185075 | |